000
00299pam a2200133 a 4500
020
_c
041
_h
082
_a
743.028
_b
MIL
100
_a
Jordi Mila .
245
_a
Top Sketches
_h
Textual Documents
260
_a
[s.l]:
_b
Page one Publishing,
_c
2009.
300
_a
200:
_b
Hard.
930
_a
6281
999
_c
240071
_d
240071